000 01823cam a22003614a 4500
001 5262402
003 ARRUPE
005 20141017143221.0
008 040628s2004 mnu b 001 0 eng
010 _a 2004008042
020 _a0800636481 (pbk : alk. paper)
024 _aR7-444206
035 _a(OCoLC)54974655
035 _a(OCoLC)ocm54974655
035 _a(DLC) 2004008042
035 _a(NNC)5262402
040 _aDLC
_cDLC
_dDLC
_dOrLoB-B
042 _apcc
050 0 0 _aBS2398
_b.N49 2004
082 0 0 _a231
_222
100 1 _aNeyrey, Jerome H.,
_d1940-
_912168
245 1 0 _aRender to God :
_bNew Testament understandings of the divine /
_cJerome H. Neyrey.
260 _aMinneapolis :
_bFortress Press,
_cc2004.
300 _axviii, 313 p. ;
_c23 cm.
504 _aIncludes bibliographical references (p. 269-296) and indexes.
505 0 0 _g1.
_tPatron and vindicator : God in Mark --
_g2.
_tProvident, benevolent, foolish, and shameful : God in Matthew --
_g3.
_tBenefaction, providence, and theodicy : God in the acts of the apostles --
_g4.
_tA systematic theology : God in Romans --
_g5.
_tPatronage and honor, order and disorder : God in I Corinthians --
_g6.
_tTheologies in conflict : Paul's God in Galatians --
_g7.
_tWho else is called "God"? : Jesus in the fourth gospel --
_g8.
_tWho else is called "God"? : Jesus in Hebrews --
_gApp. 1.
_tGod-in-relationship : patron-broker-client --
_gApp. 2.
_t"Be holy, as I am holy" : God, purity, and order --
_gApp. 3.
_tHonor and shame.
630 0 0 _aBible.
_pNew Testament
_xTheology.
_97188
630 0 0 _aBible.
_pNew Testament
_xSocial scientific criticism.
_912169
650 0 _aGod
_xBiblical teaching.
_912170
856 4 1 _3Table of contents
_uhttp://www.loc.gov/catdir/toc/ecip0417/2004008042.html
900 _bTOC
942 _2lcc
_cMONOGRAPH
999 _c121118
_d121118